Eliot in his time : essays on the occasion of the fiftieth anniversary of the waste land (Record no. 1666)

MARC details
000 -LEADER
fixed length control field 00342nam a2200097 4500
082 ## - DEWEY DECIMAL CLASSIFICATION NUMBER
Classification number 821.91
Item number ELI/LIT
245 ## - TITLE STATEMENT
Title Eliot in his time : essays on the occasion of the fiftieth anniversary of the waste land
Statement of responsibility, etc. edited by A. Walton Litz
260 ## - PUBLICATION, DISTRIBUTION, ETC.
Place of publication, distribution, etc. Princeton
Name of publisher, distributor, etc. Princeton University Press
Date of publication, distribution, etc. c1973
300 ## - PHYSICAL DESCRIPTION
Extent [6],196p.; 22cm.
710 ## - ADDED ENTRY--CORPORATE NAME
Corporate name or jurisdiction name as entry element Litz, A. Walton
Holdings
Withdrawn status Lost status Damaged status Not for loan Collection code Home library Current library Date acquired Total Checkouts Total Renewals Full call number Barcode Date last seen Date last checked out Price effective from Koha item type Copy number
          North Eastern Hill University North Eastern Hill University 18/11/2011 7 1 821.91 ELI/LIT 47920 29/01/2021 29/01/2021 18/11/2011 Books  
        ACADEMIC STAFF COLLEGE North Eastern Hill University North Eastern Hill University 18/11/2011 14 3 821.91 ELI/LIT 2510 11/07/2025 03/07/2025 18/11/2011 Books ;1
        ENGLISH North Eastern Hill University North Eastern Hill University 18/11/2011 12 2 821.91 ELI/LIT A2889 11/07/2025 03/07/2025 18/11/2011 Books ;2